01498cam a22003377a 4500999001700000001000900017005001700026008004100043010001700084020004300101020004000144035002400184035002100208040004900229043002100278050002900299245017700328260005800505300003900563440006600602504006400668650002400732650004900756650003100805700002400836700002500860700002900885856008300914942003700997952012601034 c27277d272771478748220170208090645.0070328s2008 nyua b s001 0 eng  a 2007013095 a9780791473177 (hardcover : alk. paper) a0791473171 (hardcover : alk. paper) a(OCoLC)ocn122701488 a(OCoLC)122701488 aDLCcDLCdBTCTAdBAKERdYDXCPdC#PdBWXdDLC anwcu---an-us---00aNX512.3 b .C83I34 200800aIdentity, memory, and diaspora :bvoices of Cuban-American artists, writers, and philosophers /cedited by Jorge J.E. Gracia, Lynette M.F. Bosch and Isabel Alvarez Borland. aAlbany :bState University of New York Press,cc2008. axii, 284 p. :bcol. ill. ;c24 cm. 0aSUNY series in Latin American and Iberian thought and culture aIncludes bibliographical references (p. 261-265) and index. 0aCuban American art. 0aAmerican literaturexCuban American authors. 0aCuban American philosophy.1 aGracia, Jorge J. E.1 aBosch, Lynette M. F.1 aAlvarez-Borland, Isabel.413Table of contents onlyuhttp://www.loc.gov/catdir/toc/ecip0714/2007013095.html 2lcccBOOKShNX512.3 .C83I34 2008 00102lcc4070aMUCbMUCcTECHd2017-02-08eDonation(BFA)l0oNX512.3 .C83I34 2008p34839r2018-07-31w2017-02-08yBOOKS